MARC details
| 000 -CABECERA |
| campo de control de longitud fija |
03589nam a2200373 i 4500 |
| 001 - NÚMERO DE CONTROL |
| campo de control |
000020547 |
| 003 - IDENTIFICADOR DEL NÚMERO DE CONTROL |
| campo de control |
DO-SdBNP |
| 005 - FECHA Y HORA DE LA ÚLTIMA TRANSACCIÓN |
| campo de control |
20260518210609.0 |
| 008 - DATOS DE LONGITUD FIJA--INFORMACIÓN GENERAL |
| campo de control de longitud fija |
100810s2016 dr abc r 001 0 spa d |
| 020 ## - NÚMERO INTERNACIONAL ESTÁNDAR DEL LIBRO |
| Número Internacional Estándar del Libro |
9789945870527 |
| 040 ## - FUENTE DE LA CATALOGACIÓN |
| Centro catalogador/agencia de origen |
DO-SdBNP |
| Lengua de catalogación |
spa |
| Centro/agencia transcriptor |
BNPHU |
| Centro/agencia modificador |
DO-SdBNP |
| 041 17 - CÓDIGO DE LENGUA |
| Código de lengua del texto/banda sonora o título independiente |
spa |
| Código de lengua original |
eng |
| 082 ## - NÚMERO DE LA CLASIFICACIÓN DECIMAL DEWEY |
| Número de clasificación |
338.4971 |
| Número de documento/Ítem |
G216a |
| Número de edición |
23 |
| 100 1# - ENTRADA PRINCIPAL--NOMBRE DE PERSONA |
| Nombre de persona |
García Salazar, Gregorio, |
| Fechas asociadas al nombre |
1959- |
| 9 (RLIN) |
25127 |
| Código de función/relación |
aut. |
| Término indicativo de función/relación |
autor |
| 245 10 - MENCIÓN DE TÍTULO |
| Título |
Agroecoturismo en la República Dominicana = Agro-ecoturism in the Dominican Republic / |
| Mención de responsabilidad, etc. |
Gregorio García Salazar ; traducción, Yvette Méndez P. ; fotografías: Yuly Mármol C., Greymi García Garabito. |
| 264 ## - PRODUCCIÓN, PUBLICACIÓN, DISTRIBUCIÓN, FABRICACIÓN Y COPYRIGHT |
| Producción, publicación, distribución, fabricación y copyright |
Santo Domingo, Rep. Dominicana : |
| Nombre del de productor, editor, distribuidor, fabricante |
Talleres Gráficos 16, |
| Fecha de producción, publicación, distribución, fabricación o copyright |
2016 |
| 300 ## - DESCRIPCIÓN FÍSICA |
| Extensión |
390 p. : |
| Otras características físicas |
ilustraciones, mapas, retratos. ; |
| Dimensiones |
23 cm |
| 336 ## - TIPO DE CONTENIDO |
| Término de tipo de contenido |
texto |
| Código de tipo de contenido |
txt |
| Fuente |
rdamedia |
| 337 ## - TIPO DE MEDIO |
| Nombre/término del tipo de medio |
sin mediación |
| Código del tipo de medio |
n |
| Fuente |
rdamedia |
| 338 ## - TIPO DE SOPORTE |
| Nombre/término del tipo de soporte |
volumen |
| Código del tipo de soporte |
nc |
| Fuente |
rdacarrier |
| 500 ## - NOTA GENERAL |
| Nota general |
La biblioteca posee 3 ejemplares autografiados por el autor. |
| 500 ## - NOTA GENERAL |
| Nota general |
edición en español-inglés |
| 500 ## - NOTA GENERAL |
| Nota general |
Agro-ecotourism in the Dominican Republic |
| 504 ## - NOTA DE BIBLIOGRAFÍA, ETC. |
| Nota de bibliografía, etc. |
Bibliografía : p. 386-390 |
| 505 0# - NOTA DE CONTENIDO CON FORMATO |
| Nota de contenido con formato |
Introducción -- Historia y ubicación de la República Dominicana -- Síntesis histórica de la isla Hispaniola -- Geografía y clima de la República Dominicana -- Idioma, moneda y economía -- Aeropuertos, puertos y transporte terrestres -- Comunicaciones -- Gastronomia -- Reseña histórica del turismo y el agroecoturismo, -- Origen y expansión del turismo -- Surgimiento y expansión del agroecoturismo -- Conceptos de turismo y agroecoturismo -- Contaminación ambiental, deforestación y cambio climático al agroecoturismo -- Contaminación ambiental Deforestación -- Cambio climático -- Agroecosistemas con potencial agroecoturistico, Agroecosistemas -- Cacao. Salud y biodiversidad -- Café. Grano aromático -- Cocotero. Árbol de la vida -- Arroz. Fuente de carbohidratos -- Caña de azúcar. Energizante natural -- Plátano y guineo. Paraíso -- Yuca. Alimento milenario -- Ñame. Nutriente delicioso -- Papa. Manjar extraordinario -- Maíz. Cereal vivificante -- Jengibre y sus propiedades -- Aguacate. Carne vegetal -- Zapote. Rejuvenecedor -- Cítricos. Potentes antioxidantes -- Carambola. Prolífera y llamativa -- El Cajuil. Afrodisíaco -- Jagua. Fruta refrescante -- Sábila. Regeneradora celular -- Árbol del pan. Harina alternativa -- Guanábana. Salvadora de vidas -- Gandul. Leguminosa proteica -- Moringa. Planta milagrosa -- Mango. Exquisitez -- Agroecoturismo y ganadería, -- Impacto del agroecoturismo en haciendas ganaderas -- Agroecoturismo de montaña -- Riquezas naturales en áreas montañosas -- Desarrollo del agroecoturismo de montaña en la República Dominicana -- Pico Duarte -- Rol de los ecosistemas en el agroecoturismo, -- Manglar. Mundo viviente -- Parques nacionales y sus encantos -- El impresionante lago Enriquillo -- Balnearios y cascadas -- Lagunas. Tesoros naturales -- Empresas agroecoturisticas en la República Dominicana, Kah Kow Experience - El Sendero, Rizek Cacao -- El tour del chocolate, bloque Cacaotero No. 3 inc. Consideraciones -- Glosario. |
| 590 ## - NOTA LOCAL (RLIN) |
| Nota local |
Inventariado, 2020 /LP |
| 650 #7 - PUNTO DE ACCESO ADICIONAL DE MATERIA--TÉRMINO DE MATERIA |
| Fuente del encabezamiento o término |
armarc |
| Término de materia o nombre geográfico como elemento de entrada |
Turismo ecológico |
| Subdivisión geográfica |
República Dominicana |
| 9 (RLIN) |
6951 |
| 650 #7 - PUNTO DE ACCESO ADICIONAL DE MATERIA--TÉRMINO DE MATERIA |
| Fuente del encabezamiento o término |
armarc |
| Término de materia o nombre geográfico como elemento de entrada |
Agroturismo |
| Subdivisión geográfica |
República Dominicana |
| 9 (RLIN) |
89654 |
| 650 #7 - PUNTO DE ACCESO ADICIONAL DE MATERIA--TÉRMINO DE MATERIA |
| Fuente del encabezamiento o término |
armarc |
| Término de materia o nombre geográfico como elemento de entrada |
Turismo sostenible |
| Subdivisión geográfica |
República Dominicana |
| 9 (RLIN) |
89655 |
| 700 1# - PUNTO DE ACCESO ADICIONAL--NOMBRE DE PERSONA |
| Nombre de persona |
Yvette Méndez P. |
| Término indicativo de función/relación |
traductor |
| 9 (RLIN) |
43268 |
| Código de función/relación |
trad. |
| 700 1# - PUNTO DE ACCESO ADICIONAL--NOMBRE DE PERSONA |
| Nombre de persona |
Mármol C., Yuly, |
| Término indicativo de función/relación |
fotógrafo |
| 9 (RLIN) |
43269 |
| Código de función/relación |
fot. |
| 700 1# - PUNTO DE ACCESO ADICIONAL--NOMBRE DE PERSONA |
| Nombre de persona |
García Garabito, Greymi, |
| Término indicativo de función/relación |
fotógrafo |
| 9 (RLIN) |
25131 |
| Código de función/relación |
fot. |
| 942 ## - ELEMENTOS DE PUNTO DE ACCESO ADICIONAL (KOHA) |
| Fuente del sistema de clasificación o colocación |
Dewey Decimal Classification |
| Tipo de ítem Koha |
Libro |